| 000 | 01200nam a22002057a 4500 | ||
|---|---|---|---|
| 999 |
_c10844 _d10844 |
||
| 003 | AR-CdUCM | ||
| 008 | 190402b ||||| |||| 00| 0 spa d | ||
| 020 | _a84-7764-553-1 | ||
| 040 |
_aMUNICIPALIDAD PROVINCIAL DEL CUSCO _cBIBLIOTECA MUNICIPAL DEL CUSCO |
||
| 082 |
_aES / 500 / _bO28 |
||
| 110 |
_aOcéano _918496 |
||
| 245 |
_aEl mundo de las ciencias naturales : _bCurso teórico practico / |
||
| 260 |
_aEspaña : _bOcéano grupo editorial, _c1991. |
||
| 300 |
_a4 tomos ; _c26 cm. |
||
| 505 | _aContenido :t.1. El origen del universo -- El sistema solar -- El globo terrestre -- La atmósfera -- Meteorología -- t.2. Composición de la materia viva -- La célula: morfología, estructura y funciones -- La herencia biológica: los cromosomas -- La evolución -- Clasificación de los seres vivos -- t.3 Las plantas, algas. hongos y líquenes -- Las cormofitas: estructura y nutrición -- La fotosíntesis -- Reproducción -- t.4 Clasificación de los animales -- Protozoos -- Invertebrados y vertebrados -- Funciones de nutrición y relación -- La reproducción ... | ||
| 650 |
_aCiencias aplicadas _920077 |
||
| 650 |
_aCiencias naturales _910176 |
||
| 942 |
_2ddc _cLIBROS |
||
| 945 | _arum | ||